Book Title Zoo Match Quiz Stats

 Plays Quiz Updated Feb 28, 2015

Challenge
Share
Tweet
Embed
Score 0/26 Timer 04:00
2 Plays Today
Title w/Incorrect Animal Correct Animal % Correct
The Eland, the Witch and the WardrobeLion
98.7%
Of Manatees and MenMice
90.4%
The Narwhal WhispererHorse
87.4%
Lord of the EchidnasFlies
86.2%
Clifford the Big Red GuanacoDog
85.9%
I Know Why the Caged Ferret SingsBird
83.8%
The Platypus BriefPelican
80.5%
The Velveteen WarthogRabbit
78.1%
One Gaur Two Gaur Red Gaur Blue GaurFish
76%
The Very Hungry CormorantCaterpillar
75.2%
The Girl Who Kicked the Peafowl's NestHornet's
67%
The Clan of the Cave KoalaBear
56.3%
Tales of Mother StinkbugGoose
56.3%
Title w/Incorrect Animal Correct Animal % Correct
Jonathan Livingston BeagleSeagull
54.2%
Jellyfish in SocksFox
52.8%
The Trumpet of the GnuSwan
43.9%
The Mole and the MotorcycleMouse
43.7%
Mrs. Frisby and the Hyenas of NIMHRats
43.2%
The Poky Little OkapiPuppy
37.5%
The Cockroach in Times SquareCricket
24.9%
The Black Walrus ReturnsStallion
24%
The Naked TapirApe
19.8%
Welcome to the Aardvark HouseMonkey
19.1%
The Red WeaselPony
16.9%
Thidwick the Big-Hearted ArmadilloMoose
14.5%
The Dugongs of Willoughby ChaseWolves
12.6%

You're not logged in!

Compare scores with friends on all Sporcle quizzes.
OR
Log In

You Might Also Like...

Show Comments

Extras

Top Quizzes Today


Score Distribution

Your Account Isn't Verified!

In order to create a playlist on Sporcle, you need to verify the email address you used during registration. Go to your Sporcle Settings to finish the process.

Report this User

Report this user for behavior that violates our Community Guidelines.

Details: